[Event "Obro70th Jubilee open Copemhagen CH"]
[Site "Copenhagen"]
[Date "2006.10.16"]
[Round "3"]
[White "Rosenkilde, Alexander"]
[Black "Skovgaard, Tom"]
[Result "1/2-1/2"]
[WhiteElo "2018"]
[BlackElo "1992"]
[PlyCount "101"]
[EventDate "2006.10.14"]
[EventType "swiss"]
[EventRounds "9"]
[EventCountry "DEN"]

1. d4 Nf6 2. c4 e6 3. Nf3 d5 4. Bg5 Be7 5. e3 O-O 6. Nc3 h6 7. Bh4 Ne4 8. Bxe7
Qxe7 9. Nxe4 dxe4 10. Nd2 f5 11. Be2 b6 12. Qc2 Nd7 13. O-O-O c5 14. g4 Bb7 15.
Rhg1 Rac8 16. gxf5 cxd4 17. exd4 exf5 18. Rg6 Rf6 19. Rdg1 Rxg6 20. Rxg6 Nf8
21. Rg3 f4 22. Rg4 f3 23. Bf1 e3 24. fxe3 Qxe3 25. Qf5 Rd8 26. d5 b5 27. Rf4
bxc4 28. Bxc4 Kh8 29. Qf7 Nd7 30. Re4 Qg1+ 31. Kc2 Nf6 32. Qe7 Re8 33. Qxe8+
Nxe8 34. Rxe8+ Kh7 35. Bd3+ g6 36. Re7+ Kg8 37. Rxb7 Qc5+ 38. Bc4 f2 39. b3 Kf8
40. Kd1 Qd4 41. Ke2 g5 42. Nf3 Qb2+ 43. Kf1 g4 44. Nh4 Qd2 45. Ng2 h5 46. Rd7
h4 47. d6 Qd1+ 48. Kxf2 Qf3+ 49. Kg1 Qd1+ 50. Kf2 Qf3+ 51. Kg1 1/2-1/2

[Event "Obro70th Jubilee open Copemhagen CH"]
[Site "Copenhagen"]
[Date "2006.10.15"]
[Round "2"]
[White "Schmidt, Horst Hubert"]
[Black "Hansen, Soren Moller"]
[Result "1/2-1/2"]
[WhiteElo "1996"]
[BlackElo "1903"]
[PlyCount "144"]
[EventDate "2006.10.14"]
[EventType "swiss"]
[EventRounds "9"]
[EventCountry "DEN"]

1. d4 g6 2. c4 Bg7 3. Nf3 d6 4. Nc3 f5 5. e4 Nf6 6. Bd3 fxe4 7. Nxe4 O-O 8. O-O
Nc6 9. Be3 Bg4 10. Ned2 e5 11. Be2 exd4 12. Nxd4 Bxe2 13. Qxe2 Qd7 14. Nxc6
Qxc6 15. Bd4 Rae8 16. Qd3 Re7 17. Rae1 Rfe8 18. Rxe7 Rxe7 19. Bxf6 Bxf6 20. b3
Bg7 21. h3 Qa6 22. a4 Qa5 23. Nf3 Kh8 24. Rd1 Qc3 25. Qb1 Re2 26. Kf1 Qb2 27.
Qxb2 Rxb2 28. Rd3 h6 29. g3 Kg8 30. Nh4 Kf7 31. Ng2 Ke7 32. Nf4 g5 33. Nd5+ Kd8
34. f4 c6 35. Ne3 gxf4 36. gxf4 Kc7 37. Nf5 Bf8 38. Rg3 Rb1+ 39. Ke2 Rb2+ 40.
Kd1 d5 41. cxd5 cxd5 42. Nd4 Kb6 43. Nc2 Rb1+ 44. Kd2 Kc7 45. Ne3 Kc6 46. Kc2
Rh1 47. f5 d4 48. Nc4 Kd5 49. f6 Ke6 50. Rf3 Re1 51. Kd3 b6 52. Kxd4 Bc5+ 53.
Kd3 Kf7 54. Nd2 Re5 55. Kc4 a5 56. h4 Rh5 57. Ne4 Rxh4 58. Kd5 Rh5+ 59. Kc6 Re5
60. Rf4 h5 61. Kd7 Rd5+ 62. Kc6 Re5 63. Kc7 Rd5 64. Nxc5 bxc5 65. Kc6 Rg5 66.
Kd6 Rg4 67. Rf5 c4 68. Rxh5 cxb3 69. Ke5 b2 70. Rh7+ Kf8 71. Rh8+ Kf7 72. Rh7+
Kf8 1/2-1/2

[Event "Obro70th Jubilee open Copemhagen CH"]
[Site "Copenhagen"]
[Date "2006.10.20"]
[Round "7"]
[White "Schmidt, Horst Hubert"]
[Black "Hansen, Lars Henrik Bech"]
[Result "0-1"]
[WhiteElo "1996"]
[BlackElo "2092"]
[PlyCount "74"]
[EventDate "2006.10.14"]
[EventType "swiss"]
[EventRounds "9"]
[EventCountry "DEN"]

1. e4 d6 2. d4 Nf6 3. Nc3 g6 4. Be3 c6 5. Nf3 b5 6. Bd3 Bg7 7. Qd2 h5 8. e5 Ng4
9. Bf4 d5 10. h3 Nh6 11. Ng5 e6 12. Ne2 a5 13. c3 Bd7 14. Qc2 Nf5 15. O-O-O c5
16. g4 Ne7 17. dxc5 Na6 18. Nd4 Qb8 19. c6 Bxc6 20. Ngxe6 fxe6 21. Bxg6+ Kd7
22. Bf7 Nc7 23. Bg5 Qf8 24. Bxe6+ Nxe6 25. Nxe6 Kxe6 26. f4 Bh6 27. Bxe7 Bxf4+
28. Kb1 Kxe7 29. Qg6 Rh6 30. Qd3 Qg7 31. c4 Qh7 32. cxd5 Qxd3+ 33. Rxd3 Be8 34.
Rf3 Bg6+ 35. Ka1 Be4 36. Rxf4 Bxh1 37. g5 Rg6 0-1

[Event "Obro70th Jubilee open Copemhagen CH"]
[Site "Copenhagen"]
[Date "2006.10.22"]
[Round "9"]
[White "Schmidt, Horst Hubert"]
[Black "Brondum, Eric"]
[Result "0-1"]
[WhiteElo "1996"]
[BlackElo "2175"]
[PlyCount "124"]
[EventDate "2006.10.14"]
[EventType "swiss"]
[EventRounds "9"]
[EventCountry "DEN"]

1. e4 c5 2. Nc3 d6 3. g3 g6 4. Bg2 Bg7 5. Nge2 Nc6 6. d3 e5 7. O-O Nge7 8. f4
O-O 9. Be3 Nd4 10. fxe5 dxe5 11. Qd2 Bg4 12. h3 Be6 13. a4 Rb8 14. Nb5 a6 15.
Nbxd4 cxd4 16. Bh6 Rc8 17. c4 dxc3 18. Nxc3 Bxh6 19. Qxh6 Qxd3 20. Rf3 Qc4 21.
Raf1 b5 22. axb5 axb5 23. R1f2 b4 24. b3 Qxb3 25. Nd5 Qd1+ 26. Kh2 Nxd5 27.
exd5 Bd7 28. Rxf7 Rxf7 29. Rxf7 Kxf7 30. Qxh7+ Kf6 31. Qxd7 Rc2 32. Qe6+ Kg7
33. Qxe5+ Kh7 34. Qe7+ Kg8 35. Qe4 Kg7 36. d6 Rd2 37. Qe7+ Kg8 38. d7 Rxd7 39.
Qxb4 Kg7 40. h4 Qd4 41. Qb5 Re7 42. Qg5 Re5 43. Qc1 Qe3 44. Qb2 g5 45. h5 g4
46. Qb7+ Kh6 47. Qc6+ Kxh5 48. Qf6 Qg5 49. Qh8+ Kg6 50. Qg8+ Kf6 51. Qf8+ Ke6
52. Qe8+ Kd6 53. Qc6+ Ke7 54. Qc7+ Kf6 55. Qd8+ Kg7 56. Qd7+ Kh8 57. Qc8+ Qg8
58. Qc1 Qh7+ 59. Kg1 Qa7+ 60. Kf1 Rf5+ 61. Ke2 Qf2+ 62. Kd1 Qg1+ 0-1

[Event "Obro70th Jubilee open Copemhagen CH"]
[Site "Copenhagen"]
[Date "2006.10.18"]
[Round "5"]
[White "Schmidt, Horst Hubert"]
[Black "Kirkegaard, Niels"]
[Result "1-0"]
[WhiteElo "1996"]
[BlackElo "1995"]
[PlyCount "77"]
[EventDate "2006.10.14"]
[EventType "swiss"]
[EventRounds "9"]
[EventCountry "DEN"]

1. e4 c5 2. Nc3 Nc6 3. g3 g6 4. Bg2 Bg7 5. Nge2 Nf6 6. d3 O-O 7. O-O d6 8. h3
Bd7 9. Be3 Rb8 10. f4 b5 11. Qd2 b4 12. Nd1 Qc8 13. g4 h5 14. g5 Ne8 15. h4 e5
16. f5 gxf5 17. exf5 f6 18. Ng3 Nd4 19. Nxh5 Nxf5 20. gxf6 Nxf6 21. Nxg7 Kxg7
22. Bh6+ Nxh6 23. Qg5+ Kh7 24. Rxf6 Rxf6 25. Qxf6 Qf8 26. Qg5 Qg7 27. Ne3 Rg8
28. Nd5 Bc6 29. Nf6+ Qxf6 30. Qxf6 Rxg2+ 31. Kf1 Ng4 32. Qe7+ Kg8 33. Qd8+ Kg7
34. Qc7+ Kg8 35. Qxc6 Ne3+ 36. Ke1 Nxc2+ 37. Kd1 Ne3+ 38. Kc1 Rc2+ 39. Kb1 1-0

[Event "Obro70th Jubilee open Copemhagen CH"]
[Site "Copenhagen"]
[Date "2006.10.16"]
[Round "3"]
[White "Schou Moldt, Thomas"]
[Black "Hansen, Lars Henrik Bech"]
[Result "0-1"]
[WhiteElo "2186"]
[BlackElo "2092"]
[PlyCount "64"]
[EventDate "2006.10.14"]
[EventType "swiss"]
[EventRounds "9"]
[EventCountry "DEN"]

1. d4 g6 2. Nf3 Bg7 3. Bf4 c5 4. e3 Qb6 5. Na3 d6 6. Nc4 Qc7 7. a4 Bg4 8. c3
Nd7 9. h3 Bf5 10. Be2 Nb6 11. Nfd2 Nf6 12. O-O O-O 13. Na3 Rac8 14. Nb5 Qb8 15.
a5 Nbd5 16. Bh2 cxd4 17. exd4 Bh6 18. c4 Nf4 19. Bf3 Bd3 20. Re1 a6 21. Nc3
Rfe8 22. Ra4 b5 23. axb6 Qxb6 24. Qa1 Nxh3+ 25. gxh3 Bxd2 26. Rxa6 Qxd4 27. Rd1
Bxc3 28. bxc3 Qxc4 29. Ra3 Be2 30. Rd4 Qe6 31. c4 Bxf3 32. Rxf3 Rxc4 0-1

[Event "Obro70th Jubilee open Copemhagen CH"]
[Site "Copenhagen"]
[Date "2006.10.18"]
[Round "5"]
[White "Schou Moldt, Thomas"]
[Black "Ertbjerg, Andreas Lund"]
[Result "1-0"]
[WhiteElo "2186"]
[BlackElo "1997"]
[PlyCount "37"]
[EventDate "2006.10.14"]
[EventType "swiss"]
[EventRounds "9"]
[EventCountry "DEN"]

1. d4 d5 2. Bf4 g6 3. e3 Bg7 4. Nf3 Nf6 5. Be2 O-O 6. Nc3 c6 7. Ne5 Nbd7 8. h4
Nxe5 9. Bxe5 Nd7 10. Bxg7 Kxg7 11. h5 e5 12. Qd2 Qg5 13. O-O-O exd4 14. Qxd4+
Qf6 15. Qd2 Kg8 16. Kb1 b5 17. hxg6 fxg6 18. Nxd5 Qxf2 19. Ne7+ 1-0

[Event "Obro70th Jubilee open Copemhagen CH"]
[Site "Copenhagen"]
[Date "2006.10.14"]
[Round "1"]
[White "Schou Moldt, Thomas"]
[Black "Skovgaard, Tom"]
[Result "1-0"]
[WhiteElo "2186"]
[BlackElo "1992"]
[PlyCount "91"]
[EventDate "2006.10.14"]
[EventType "swiss"]
[EventRounds "9"]
[EventCountry "DEN"]

1. d4 Nf6 2. Bf4 e6 3. e3 d5 4. Nf3 Bd6 5. Ne5 Qe7 6. Bd3 c5 7. c3 Nc6 8. O-O
Bd7 9. a4 c4 10. Bc2 Na5 11. Nd2 Bc6 12. Re1 Nd7 13. Qg4 Bxe5 14. Bxe5 f6 15.
Bg3 O-O-O 16. h4 b6 17. e4 h5 18. Qf3 Rde8 19. exd5 Bxd5 20. Be4 Bxe4 21. Qxe4
Nb8 22. Qf4 Kb7 23. Qf3+ Kc8 24. Re3 Qd7 25. Qe2 Qc6 26. Re1 Qxa4 27. Rxe6 Rxe6
28. Qxe6+ Qd7 29. Qe4 Rd8 30. Qf4 Nbc6 31. Re6 Ne5 32. dxe5 Qxd2 33. Qf5 Qd1+
34. Kh2 Qg4 35. Rxf6+ Qxf5 36. Rxf5 Rd2 37. Rf8+ Kd7 38. Rf7+ Ke6 39. Rxg7 Nc6
40. Rg6+ Kd7 41. f4 Rxb2 42. Rd6+ Kc7 43. f5 Re2 44. e6 Kb7 45. f6 Ne5 46. Bxe5
1-0

[Event "Obro70th Jubilee open Copemhagen CH"]
[Site "Copenhagen"]
[Date "2006.10.22"]
[Round "9"]
[White "Schou Moldt, Thomas"]
[Black "Kiss, Judit"]
[Result "1-0"]
[WhiteElo "2186"]
[BlackElo "2118"]
[PlyCount "95"]
[EventDate "2006.10.14"]
[EventType "swiss"]
[EventRounds "9"]
[EventCountry "DEN"]

1. d4 d5 2. Bf4 Nf6 3. Nf3 e6 4. e3 Bd6 5. Bg3 c5 6. c3 Nc6 7. Nbd2 Qe7 8. Ne5
c4 9. f4 Bd7 10. b3 cxb3 11. axb3 Ne4 12. Nxe4 dxe4 13. Qc2 f5 14. Nxd7 Qxd7
15. Be2 Rc8 16. O-O Nb4 17. Qd2 Nd5 18. Rfc1 O-O 19. Bf2 a6 20. c4 Bb4 21. Qb2
Ne7 22. Ra4 a5 23. Qa1 Qc6 24. Be1 Nd5 25. Bxb4 axb4 26. Kf2 b5 27. Ra6 Qc7 28.
cxd5 Qxc1 29. Qxc1 Rxc1 30. dxe6 Rc2 31. d5 Rfc8 32. d6 Kf8 33. Ra7 Rb8 34. Ke1
Rc1+ 35. Kf2 Rc2 36. Rf7+ Kg8 37. Rd7 Rcc8 38. g4 fxg4 39. Bxg4 Rc2+ 40. Kg3
Rcc8 41. Rc7 Rd8 42. Rc6 g6 43. e7 Kf7 44. exd8=Q Rxd8 45. d7 Ke7 46. Rc8 h5
47. Bh3 g5 48. fxg5 1-0

[Event "Obro70th Jubilee open Copemhagen CH"]
[Site "Copenhagen"]
[Date "2006.10.20"]
[Round "7"]
[White "Schou Moldt, Thomas"]
[Black "Skovgaard, Peter Nicolai"]
[Result "0-1"]
[WhiteElo "2186"]
[BlackElo "2230"]
[PlyCount "44"]
[EventDate "2006.10.14"]
[EventType "swiss"]
[EventRounds "9"]
[EventCountry "DEN"]

1. e4 c5 2. Nf3 e6 3. c3 d5 4. exd5 exd5 5. d4 Nf6 6. Bf4 Nc6 7. Na3 a6 8. Nc2
c4 9. g3 Bf5 10. Ne5 h6 11. Ne3 Be4 12. f3 Bh7 13. Bh3 Ne7 14. b3 g5 15. bxc4
Bg7 16. Qa4+ Kf8 17. Nxd5 Nexd5 18. cxd5 gxf4 19. Qb4+ Kg8 20. Qxb7 Qxd5 21.
Nc6 Re8+ 22. Ne7+ Kf8 0-1

[Event "Obro70th Jubilee open Copemhagen CH"]
[Site "Copenhagen"]
[Date "2006.10.17"]
[Round "4"]
[White "Skjoldan, Benjamin"]
[Black "Mikkelsen, Nikolaj"]
[Result "1/2-1/2"]
[WhiteElo "2188"]
[BlackElo "2260"]
[PlyCount "148"]
[EventDate "2006.10.14"]
[EventType "swiss"]
[EventRounds "9"]
[EventCountry "DEN"]

1. Nf3 e6 2. c4 f5 3. g3 b6 4. Bg2 Bb7 5. Nc3 Nf6 6. d3 Bb4 7. Qb3 Nc6 8. O-O
O-O 9. Ne5 Bxc3 10. Qxc3 d5 11. Bf4 d4 12. Qa3 Qe8 13. b4 a5 14. b5 Nd8 15.
Bxb7 Nxb7 16. Nf3 Nd7 17. Be5 Nxe5 18. Nxe5 f4 19. Nc6 e5 20. Qe7 Qxe7 21.
Nxe7+ Kh8 22. Nd5 Rf7 23. f3 Rd8 24. g4 Rd6 25. h4 Kg8 26. Kf2 Kf8 27. h5 Ke8
28. Rh1 Kd7 29. g5 h6 30. Rag1 Nd8 31. gxh6 Rxh6 32. Rg5 Kd6 33. a3 Ne6 34. Rg2
Rf5 35. Rgh2 Rg5 36. Kf1 Rf5 37. Kg2 Rf8 38. Kg1 Rfh8 39. Kg2 Kd7 40. Kg1 R8h7
41. Kf2 g5 42. Kf1 Ng7 43. Rg1 Ne6 44. Kf2 Kd6 45. Rgh1 Rh8 46. Ke1 Rg8 47. Rg2
Nf8 48. Kd2 Rg7 49. Rhg1 Nh7 50. Rh2 Ke6 51. Rh3 Kf5 52. Rh2 Nf8 53. Rgg2 Rd7
54. Rg1 Ng6 55. Rgh1 Nh4 56. Kc2 Rxh5 57. Kd1 Rhh7 58. Kc2 Rd6 59. Kd1 c6 60.
bxc6 Rxc6 61. a4 Kg6 62. Rg1 Rd6 63. Rgh1 Kf7 64. Kc2 Ke6 65. Rb1 Rb7 66. Rhh1
Nf5 67. Rh5 Rg7 68. Kd2 g4 69. fxg4 Rxg4 70. Nc7+ Kd7 71. Rxf5 Kxc7 72. Rxe5
Rf6 73. Rf1 Kc6 74. Rd5 Re6 1/2-1/2

[Event "Obro70th Jubilee open Copemhagen CH"]
[Site "Copenhagen"]
[Date "2006.10.14"]
[Round "1"]
[White "Skjoldan, Benjamin"]
[Black "Schmidt, Horst Hubert"]
[Result "1-0"]
[WhiteElo "2188"]
[BlackElo "1996"]
[PlyCount "29"]
[EventDate "2006.10.14"]
[EventType "swiss"]
[EventRounds "9"]
[EventCountry "DEN"]

1. d4 Nf6 2. Nf3 d5 3. c4 e6 4. g3 Bb4+ 5. Bd2 Bxd2+ 6. Nbxd2 O-O 7. Bg2 c5 8.
cxd5 Qxd5 9. O-O cxd4 10. Nb3 Rd8 11. Nfxd4 Qh5 12. e3 Qg6 13. Nf5 Re8 14. Nd6
Rd8 15. Nxc8 1-0

[Event "Obro70th Jubilee open Copemhagen CH"]
[Site "Copenhagen"]
[Date "2006.10.16"]
[Round "3"]
[White "Skjoldan, Benjamin"]
[Black "Petersen, Martin Reib"]
[Result "1-0"]
[WhiteElo "2188"]
[BlackElo "1948"]
[PlyCount "81"]
[EventDate "2006.10.14"]
[EventType "swiss"]
[EventRounds "9"]
[EventCountry "DEN"]

1. d4 Nf6 2. Nf3 g6 3. c4 Bg7 4. g3 c6 5. Bg2 d5 6. cxd5 cxd5 7. Ne5 O-O 8. Nc3
e6 9. O-O Nc6 10. Nxc6 bxc6 11. Bf4 Nh5 12. Na4 Nxf4 13. gxf4 Qh4 14. Qd2 Bh6
15. e3 g5 16. fxg5 Bxg5 17. f4 Be7 18. Rac1 Ba6 19. Rf3 Kh8 20. Rh3 Qg4 21. Qc2
Bh4 22. Nc5 Rg8 23. Rxh4 Qxh4 24. Nxa6 Rg6 25. Qf2 Qg4 26. Kh1 Rag8 27. Bf3 Qh3
28. Nc5 Rg3 29. Rf1 Qh4 30. Nd3 f6 31. b4 R8g6 32. a4 Rh6 33. Ne1 Rhg6 34. Ng2
Qh6 35. f5 exf5 36. b5 cxb5 37. axb5 R6g5 38. Nf4 Qh4 39. Bxd5 Rg7 40. Bg2 Re7
41. Qxg3 1-0

[Event "Obro70th Jubilee open Copemhagen CH"]
[Site "Copenhagen"]
[Date "2006.10.22"]
[Round "9"]
[White "Skjoldan, Benjamin"]
[Black "Kaaber Hansen, Jacob"]
[Result "1-0"]
[WhiteElo "2188"]
[BlackElo "2143"]
[PlyCount "67"]
[EventDate "2006.10.14"]
[EventType "swiss"]
[EventRounds "9"]
[EventCountry "DEN"]

1. d4 Nf6 2. Nf3 e6 3. g3 b6 4. c4 Ba6 5. b3 Bb4+ 6. Bd2 Be7 7. Bg2 c6 8. O-O
d5 9. Qc2 O-O 10. Rd1 Nbd7 11. a4 Bb7 12. Nc3 c5 13. cxd5 Nxd5 14. Nxd5 Bxd5
15. e4 Bb7 16. Be3 Rc8 17. d5 exd5 18. exd5 Bd6 19. Nd2 Re8 20. Nc4 Bb8 21. Bh3
g6 22. Bg2 f5 23. Bc1 Ne5 24. f4 Nxc4 25. bxc4 Bd6 26. Bb2 Qe7 27. Rd3 h5 28.
Qc3 Kh7 29. Kh1 Qf7 30. Bf3 Re7 31. Re1 Rxe1+ 32. Qxe1 Re8 33. Qc3 Qe7 34. Re3
1-0

[Event "Obro70th Jubilee open Copemhagen CH"]
[Site "Copenhagen"]
[Date "2006.10.21"]
[Round "8"]
[White "Skovgaard, Peter Nicolai"]
[Black "Skjoldan, Benjamin"]
[Result "1-0"]
[WhiteElo "2230"]
[BlackElo "2188"]
[PlyCount "59"]
[EventDate "2006.10.14"]
[EventType "swiss"]
[EventRounds "9"]
[EventCountry "DEN"]

1. e4 e5 2. Nf3 Nf6 3. Nxe5 d6 4. Nf3 Nxe4 5. c4 Be7 6. d3 Nf6 7. Nc3 O-O 8. d4
d5 9. c5 b6 10. cxb6 axb6 11. Bd3 Ba6 12. O-O c5 13. Bg5 h6 14. Bh4 Nc6 15. Re1
Bxd3 16. Qxd3 c4 17. Qe2 Ra7 18. Ne5 Nxd4 19. Qd1 Bc5 20. Ng4 Qd6 21. Bxf6 gxf6
22. Nxh6+ Kh7 23. Qh5 Kg7 24. Nb5 Qf4 25. Nxd4 Bxd4 26. Nf5+ Kg8 27. Nxd4 Rfa8
28. Nc6 Rxa2 29. Rxa2 Rxa2 30. Re8+ 1-0

[Event "Obro70th Jubilee open Copemhagen CH"]
[Site "Copenhagen"]
[Date "2006.10.17"]
[Round "4"]
[White "Skovgaard, Peter Nicolai"]
[Black "Petersen, Nils"]
[Result "1-0"]
[WhiteElo "2230"]
[BlackElo "2013"]
[PlyCount "147"]
[EventDate "2006.10.14"]
[EventType "swiss"]
[EventRounds "9"]
[EventCountry "DEN"]

1. e4 c5 2. Nc3 Nc6 3. g3 g6 4. Bg2 Bg7 5. d3 e6 6. Be3 d6 7. f4 Nge7 8. Nf3 b6
9. O-O Bb7 10. Qd2 Qd7 11. d4 O-O-O 12. dxc5 dxc5 13. Qf2 Nd4 14. Ne5 Qe8 15.
Rfd1 Nec6 16. Nxc6 Qxc6 17. Rac1 Nb5 18. e5 Rxd1+ 19. Nxd1 Qxg2+ 20. Qxg2 Bxg2
21. Kxg2 Rd8 22. Nf2 Bf8 23. c4 Nd4 24. Bxd4 Rxd4 25. b3 Rd2 26. a4 g5 27. Rc3
gxf4 28. gxf4 Bh6 29. Rf3 Kd7 30. Rd3+ Rxd3 31. Nxd3 Ke7 32. Kf3 f6 33. exf6+
Kxf6 34. Ke4 Bf8 35. Nf2 h5 36. Nh3 Bh6 37. Ng1 Bf8 38. Nf3 Bd6 39. Ne1 Bc7 40.
Ng2 Bd6 41. Ne3 Bf8 42. Nf1 Bd6 43. Ng3 Kg6 44. h3 Kh6 45. Ne2 Kg6 46. Nc1 Kf6
47. Nd3 a5 48. Ne1 Bc7 49. Ng2 Bd8 50. Ne3 Bc7 51. Nf1 Kg6 52. Ng3 Kh6 53. Nf1
Kg6 54. Ne3 Kf6 55. f5 exf5+ 56. Nxf5 Kg5 57. Ng7 Kh4 58. Kd5 Bf4 59. Kc6 Bd2
60. Kxb6 Bb4 61. Kc6 Ba3 62. Kd5 Bb4 63. Kc6 Ba3 64. Kb6 Bb4 65. Kb5 Kg5 66.
Ne6+ Kh4 67. Nf4 Kg5 68. Nd3 Bd2 69. Nxc5 Kh4 70. Ne4 Kxh3 71. Nxd2 Kg2 72. c5
h4 73. c6 h3 74. Nf3 1-0

[Event "Obro70th Jubilee open Copemhagen CH"]
[Site "Copenhagen"]
[Date "2006.10.15"]
[Round "2"]
[White "Skovgaard, Peter Nicolai"]
[Black "Kaaber Hansen, Jacob"]
[Result "0-1"]
[WhiteElo "2230"]
[BlackElo "2143"]
[PlyCount "128"]
[EventDate "2006.10.14"]
[EventType "swiss"]
[EventRounds "9"]
[EventCountry "DEN"]

1. e4 c5 2. Nf3 d6 3. c3 Nf6 4. Be2 Nc6 5. d4 cxd4 6. cxd4 Nxe4 7. d5 Qa5+ 8.
Nc3 Nxc3 9. bxc3 Nb8 10. O-O e5 11. dxe6 fxe6 12. Nd4 Nc6 13. Bb5 Bd7 14. Qb3
Nd8 15. Re1 Bxb5 16. Nxb5 Be7 17. Ba3 O-O 18. Nxd6 Qb6 19. Qxb6 axb6 20. Bb4
Nc6 21. Nxb7 Nxb4 22. cxb4 Rab8 23. Rxe6 Rxb7 24. a3 Bf6 25. Rd1 Ra8 26. Rd3
Kf7 27. Rc6 b5 28. Kf1 Bb2 29. Rf3+ Kg8 30. Rc5 Bxa3 31. Rb3 h6 32. Rcc3 Rba7
33. Rc5 Re8 34. Rxb5 Bc1 35. g3 Ra2 36. Rf5 Rb2 37. Rxb2 Bxb2 38. Kg2 Re5 39.
Rf3 Rb5 40. Rb3 Bc1 41. f4 Bd2 42. Rb2 Bxb4 43. Kf3 Rb6 44. h4 h5 45. g4 hxg4+
46. Kxg4 Kh7 47. h5 Bc5 48. Rc2 Bd4 49. Rc8 Bf6 50. Rf8 Rd6 51. Rb8 Rd8 52. Rb3
Rd1 53. Rh3 Kh6 54. Rh2 Rg1+ 55. Kf5 Ra1 56. Rh3 Ra2 57. Rh1 Ra4 58. Kg4 Be5
59. Kf5 Bxf4 60. Rh4 Rb4 61. Rg4 Bd2 62. Rg6+ Kh7 63. Rd6 Rf4+ 64. Ke5 Rf2 0-1

[Event "Obro70th Jubilee open Copemhagen CH"]
[Site "Copenhagen"]
[Date "2006.10.17"]
[Round "4"]
[White "Skovgaard, Tom"]
[Black "Pedersen, Thomas Vils"]
[Result "1-0"]
[WhiteElo "1992"]
[BlackElo "2131"]
[PlyCount "99"]
[EventDate "2006.10.14"]
[EventType "swiss"]
[EventRounds "9"]
[EventCountry "DEN"]

1. e4 d5 2. exd5 Qxd5 3. Nc3 Qa5 4. d4 Nf6 5. Bd2 Bg4 6. Be2 Bxe2 7. Qxe2 c6 8.
Ne4 Qc7 9. Nxf6+ gxf6 10. Qf3 Nd7 11. O-O-O e6 12. Ne2 O-O-O 13. Bc3 Be7 14.
Qh5 Rdf8 15. g3 Nb6 16. Ba5 Qd7 17. Bxb6 axb6 18. c4 f5 19. Kb1 Bf6 20. d5 Rhg8
21. Qf3 cxd5 22. cxd5 e5 23. d6 Kb8 24. Rd5 Rc8 25. Nc3 e4 26. Qxf5 Qxf5 27.
Rxf5 Bxc3 28. bxc3 Rgd8 29. Rd1 Rd7 30. Kc2 Rc6 31. Rf6 b5 32. Rd4 Ka7 33. Kb3
Kb6 34. Kb4 Ka6 35. Rxe4 Rcxd6 36. Rxd6+ Rxd6 37. Rf4 f6 38. Rh4 Rd7 39. Rh6
Rf7 40. g4 b6 41. f3 f5 42. g5 Rg7 43. h4 Rc7 44. Kb3 Ka5 45. Rf6 Rc4 46. Rf7
Ka6 47. Rxh7 Rf4 48. h5 Rxf3 49. Rf7 f4 50. h6 1-0

[Event "Obro70th Jubilee open Copemhagen CH"]
[Site "Copenhagen"]
[Date "2006.10.15"]
[Round "2"]
[White "Skovgaard, Tom"]
[Black "Roder, Peter"]
[Result "1/2-1/2"]
[WhiteElo "1992"]
[BlackElo "2110"]
[PlyCount "86"]
[EventDate "2006.10.14"]
[EventType "swiss"]
[EventRounds "9"]
[EventCountry "DEN"]

1. e4 c5 2. Nf3 d6 3. d4 cxd4 4. Nxd4 Nf6 5. Nc3 g6 6. Bc4 Bg7 7. h3 O-O 8. Bb3
Nc6 9. Be3 Bd7 10. O-O Nxd4 11. Bxd4 Bc6 12. f4 b5 13. f5 a5 14. a4 bxa4 15.
Bxa4 Bxa4 16. Rxa4 Qd7 17. Qd3 Rfb8 18. b3 Rc8 19. Rfa1 Nh5 20. Nd5 Bxd4+ 21.
Qxd4 Rxc2 22. Rxa5 Re8 23. Ra8 e5 24. fxe6 Qxe6 25. Rxe8+ Qxe8 26. Ra8 Qxa8 27.
Ne7+ Kf8 28. Qh8+ Kxe7 29. Qxa8 Nf4 30. b4 Rxg2+ 31. Kf1 Rb2 32. Qb7+ Ke6 33.
Qc8+ Ke7 34. Qc7+ Ke6 35. Qc8+ Ke7 36. Qc7+ Ke6 37. b5 Rb1+ 38. Kf2 Nd3+ 39.
Ke2 Nc5 40. Qc6 Rb2+ 41. Kf3 Rb3+ 42. Ke2 Rb2+ 43. Ke3 Rb3+ 1/2-1/2

[Event "Obro70th Jubilee open Copemhagen CH"]
[Site "Copenhagen"]
[Date "2006.10.21"]
[Round "8"]
[White "Skovgaard, Tom"]
[Black "Christensen, Christian"]
[Result "1-0"]
[WhiteElo "1992"]
[BlackElo "2088"]
[PlyCount "125"]
[EventDate "2006.10.14"]
[EventType "swiss"]
[EventRounds "9"]
[EventCountry "DEN"]

1. e4 c5 2. Nf3 Nc6 3. d4 cxd4 4. Nxd4 Nf6 5. Nc3 d6 6. Bc4 Qb6 7. Nb3 e6 8.
Be3 Qc7 9. Bd3 a6 10. f4 Be7 11. Qf3 O-O 12. O-O b6 13. Rae1 Bb7 14. Qh3 Nb4
15. g4 d5 16. e5 Ne4 17. Bd4 f5 18. exf6 Bxf6 19. Nxe4 dxe4 20. Bxe4 Bxe4 21.
Rxe4 Qxc2 22. Qg2 Bxd4+ 23. Nxd4 Qd3 24. Nxe6 Rae8 25. f5 Nd5 26. Rd4 Qe3+ 27.
Kh1 Rxe6 28. Qxd5 Kh8 29. Qxe6 Qxd4 30. f6 gxf6 31. b3 Qd3 32. Kg1 Qd4+ 33. Kg2
Kg7 34. Qf5 Rf7 35. g5 Qd2+ 36. Kh1 Qd6 37. Rg1 Qc6+ 38. Rg2 fxg5 39. Qxg5+ Kf8
40. Qd8+ Qe8 41. Rg8+ Kxg8 42. Qxe8+ Kg7 43. Qe5+ Rf6 44. b4 b5 45. Kg2 Kf7 46.
Qc7+ Kg6 47. Kg3 Rf7 48. Qc2+ Kg7 49. a4 bxa4 50. Qxa4 Rf6 51. Kg4 Rg6+ 52. Kf4
Rf6+ 53. Ke5 Rg6 54. Qd7+ Kg8 55. Kd4 Rh6 56. Kc4 Rg6 57. Kb3 Rh6 58. Ka4 Rg6
59. Ka5 Rh6 60. Qe7 Rg6 61. Qe8+ Kg7 62. Qxg6+ Kxg6 63. Kxa6 1-0

[Event "Obro70th Jubilee open Copemhagen CH"]
[Site "Copenhagen"]
[Date "2006.10.19"]
[Round "6"]
[White "Skovgaard, Tom"]
[Black "Skjoldan, Benjamin"]
[Result "0-1"]
[WhiteElo "1992"]
[BlackElo "2188"]
[PlyCount "84"]
[EventDate "2006.10.14"]
[EventType "swiss"]
[EventRounds "9"]
[EventCountry "DEN"]

1. e4 c5 2. Nf3 e6 3. c3 Nf6 4. e5 Nd5 5. g3 d6 6. exd6 Bxd6 7. Bg2 Nc6 8. O-O
O-O 9. Na3 Be7 10. Re1 b6 11. Nc4 Bb7 12. d4 Qc7 13. Nce5 Rad8 14. Nxc6 Bxc6
15. Ne5 Bb7 16. dxc5 Ne3 17. Qe2 Nxg2 18. c6 Nxe1 19. cxb7 f6 20. b8=Q Rxb8 21.
Ng4 e5 22. Qxe1 Rbd8 23. h4 Qd7 24. Nh2 Qd1 25. Be3 Qxe1+ 26. Rxe1 Bc5 27. Nf1
Bxe3 28. Rxe3 Rd1 29. Kg2 Rfd8 30. Re4 a5 31. Ra4 Rb1 32. b3 Rb2 33. c4 h5 34.
c5 bxc5 35. Rxa5 Rd3 36. Rxc5 Rxa2 37. b4 Rb3 38. b5 Rbb2 39. Ne3 Rxf2+ 40. Kg1
Rfe2 41. Rc3 Re1+ 42. Nf1 Rb1 0-1

[Event "Obro70th Jubilee open Copemhagen CH"]
[Site "Copenhagen"]
[Date "2006.10.22"]
[Round "9"]
[White "Vajda, Szidonia"]
[Black "Glud, Jakob Vang"]
[Result "0-1"]
[WhiteElo "2401"]
[BlackElo "2418"]
[PlyCount "128"]
[EventDate "2006.10.14"]
[EventType "swiss"]
[EventRounds "9"]
[EventCountry "DEN"]

1. e4 e6 2. d4 d5 3. exd5 exd5 4. Nf3 Nc6 5. Bb5 Bd6 6. c4 dxc4 7. d5 a6 8. Ba4
b5 9. dxc6 bxa4 10. O-O Ne7 11. Qxa4 Rb8 12. Nbd2 Rb4 13. Qc2 Bf5 14. Qc3 O-O
15. Nxc4 Nd5 16. Qd4 Nb6 17. b3 Nxc4 18. bxc4 Be6 19. Bb2 f6 20. Rfc1 Ra4 21.
a3 Qe8 22. Qe4 Bxc4 23. Qc2 Bb5 24. Nd4 Qh5 25. g3 Rc4 26. Qb3 Qf7 27. Rc2 Rxc2
28. Qxc2 Re8 29. a4 Bc4 30. Rc1 Bd5 31. Qd3 Qg6 32. Qf5 Qxf5 33. Nxf5 Bb4 34.
Kf1 Bb3 35. Nd4 Bxa4 36. Rc4 Re1+ 37. Kg2 a5 38. Bc1 g5 39. h4 gxh4 40. Bf4 Re7
41. gxh4 Re4 42. Bxc7 Bb5 43. Kf3 Rxh4 44. Rxb4 axb4 45. Nxb5 Rc4 46. Ba5 Rxc6
47. Nd4 Rc5 48. Bd8 Kf7 49. Ke4 h5 50. Bb6 Rc1 51. Ba5 Rb1 52. Kd3 h4 53. Kc2
Rf1 54. f3 h3 55. Bc7 Rf2+ 56. Kb3 Rd2 57. Nf5 Kg6 58. Ng3 h2 59. Kxb4 Rg2 60.
Nh1 Rg1 61. Bxh2 Rxh1 62. Bd6 Rf1 63. f4 Kf5 64. Kc3 Rxf4 0-1